| 000 | 00731nam a2200277Ia 4500 | ||
|---|---|---|---|
| 005 | 20250425161927.0 | ||
| 008 | 250425s9999 xx 000 0 und d | ||
| 020 | _a9275323143 | ||
| 041 | _aspa | ||
| 043 | _aec | ||
| 082 | _a614.04 | ||
| 100 | _aBRITO, PEDRO | ||
| 245 | 0 | _aOBSERVATORIO DE LOS RECURSOS HUMANOS DE SALUD | |
| 250 | _aS.E. | ||
| 260 |
_aEcuador _bORGANIZACION PANAMERICANA DE LA SALUD _c2000 |
||
| 260 | _aQUITO | ||
| 300 | _a140 | ||
| 500 | _aSERIE OBSERVATORIO DE RECURSOS HUMANOS DE SALUD | ||
| 650 | _aGESTION DE RECURSOS HUMANOS | ||
| 650 | _aPERSONAL | ||
| 650 | _aREFORMA DE SALUD | ||
| 650 | _aSALUD | ||
| 710 | _aORGANIZACION PANAMERICANA DE SALUD | ||
| 942 | _c01 | ||
| 010 | _a35234 | ||
| 999 |
_c219028 _d219028 |
||